| 000 | 00374nam a22001337a 4500 | ||
|---|---|---|---|
| 008 | 230704b xxu||||| |||| 00| 0 eng d | ||
| 020 | _a9210480449 | ||
| 082 |
_a363.4 _bINC |
||
| 110 | _bUnited Nations | ||
| 245 |
_a Narcotic drugs _bEstimated World requirements for 1989 Statistics for 1987 |
||
| 260 |
_aNew York _bUnited Nations _c1988 |
||
| 300 | _a162p | ||
| 942 |
_2ddc _cBK |
||
| 999 |
_c3902 _d3902 |
||